Qui suis-je ? Edition Football 2023 #1 - Statistiques

Statistiques générales
  • Ce quiz a été pris 2 466 fois
  • Le résultat moyen est 5 sur 8
Statistiques - réponses
Par images Réponse % Correct
De Bruyne
89%
Kolo Muani
80%
Mudryk
80%
Vitinha
71%
Pépé
60%
Talisca
45%
Bennacer
24%
Kalulu
19%
Aucun quiz correspondant
Distribution des résultats
% des personnes avec chaque résultat
Percentile par nombre de réponses
Votre historique - résultats
Vous n’avez pas pris ce quiz